| 000 | 00414nam a2200145 a 4500 | ||
|---|---|---|---|
| 001 | 000034098 | ||
| 005 | 20200930070754.0 | ||
| 008 | 110923s1962 dr 000 0 spa d | ||
| 040 |
_aDO-SdBNP _bspa _cBNPHU |
||
| 100 | 1 |
_aCirĂ³, Carlos C. _959529 |
|
| 245 | 1 | 0 |
_aNuestro pasado, nuestro presente / _cCarlos C. CirĂ³. |
| 260 |
_aSanta Fe : _bEditorial Belgrano, _c1962. |
||
| 300 |
_a129 p. ; _c24 cm. |
||
| 049 | _aBNPD | ||
| 999 |
_c33589 _d33589 |
||